000 00486nam a2200181Ia 4500
005 20250317123142.0
008 008 250317s9999 xx 000 0 eng d
037 _aTextbook
040 _aFMSL
_beng
_cFMSL
041 _aeng
_2eng
084 _aD1(X:8) N4
_qFMSL
100 _aBush V G
_9735688
245 0 _aConstruction management
260 _aLondon
_bLondon, Reston
_c1974
300 _a305p
942 _cTB
_hD1(X:8) N4
999 _c1250081
_d1250081